000 00602nam a2200241Ia 4500
003 OSt
005 20220924152127.0
006 a|||||r|||| 00| 0
007 ta
008 220923b |||||||| |||| 00| 0 mar d
020 _c12.50
024 _a341056
037 _cTextual
040 _aARTS
_cARTS
_bmar
041 _2mar
_amar
082 _aO155,3N23x, L7
100 _aGadgeel Gangadhar
_9225905
245 0 _aSharvan
260 _c1977
650 _aMARATHI LITERATURE
_938000
942 _hO155,3N23x, L7
_cTEXL
_2CC
999 _c468822
_d468822